| 000 | 00501ntaaa2200193 4500 | ||
|---|---|---|---|
| 003 | 01 | ||
| 005 | 20251027202024.0 | ||
| 008 | 0714s1973 ag 01 | ||
| 040 |
_aAR-BaBN _bspa _cAR-BaBN _eaacr _dRIC |
||
| 082 | _a248.8300 D98 | ||
| 100 |
_aDyal Jr., William M. _918872 |
||
| 245 | _aIt's worth your life | ||
| 250 | _a1 ed. | ||
| 260 |
_aNew York : _bAssociation Press, _cc1967 |
||
| 300 | _a156 p | ||
| 500 | _aUn desafío cristiano a la juventud de hoy | ||
| 650 |
_ajóvenes _91664 |
||
| 942 | _cBK | ||
| 999 |
_c15012 _d15012 |
||